000 01247nam a2200277 a 4500
001 BRCA_613
005 20190320203102.0
008 010601s1991 nyua---###---#000-0#spa-d
020 _a0962886009
041 _aspa
044 _anyu
050 4 _aN6550
_b.M49 1991
245 1 0 _aMéxico
_besplendores de treinta siglos
_cintroducción de Octavio Paz ; traducciones de Juan Almela ... [et al.].
260 _aNueva York ; Los Ángeles
_bThe Metropolitan Museum of Art : Amigos de las Artes de México
_c1991
300 _axv, 712 p.
_bil. (algunas a color), mapas
_c30 cm.
500 _aIncluye índice alfabético
500 _aCatálogo de la exposición realizada en el Metropolitan Museum of Art (10 octubre 1990 - 13 enero 1991), en el San Antonio Museum of Art (6 abril - 4 agosto, 1991) y en los Angeles Country Museum of Art (6 octubre - 29 diciembre, 1991)
500 _aTraducción de: Mexico : Splendors of Thirty Centuries
504 _aBibliografía: p. 699-700
650 1 4 _aArte mexicano
_vExposiciones
_92094
650 1 4 _aArte indígena
_vExposiciones
_zMéxico
_92095
650 1 4 _aIndígenas de México
_vExposiciones
_92096
700 1 _aPaz, Octavio
_d1914-1998
_9563
700 1 _aAlmela, Juan
_etr.
_92097
942 _2lcc
_cB
999 _c539
_d539